<?xml version="1.0" encoding="UTF-8"?>
<collection xmlns="http://www.loc.gov/MARC21/slim">
 <record>
  <leader>00432pamaa2200133   4500</leader>
  <controlfield tag="001">0000036299</controlfield>
  <controlfield tag="005">20040108090000.0</controlfield>
  <datafield tag="020" ind1="0" ind2="0">
   <subfield code="a">92991316261 </subfield>
  </datafield>
  <datafield tag="245" ind1="1" ind2="0">
   <subfield code="a">BIS papers : </subfield>
   <subfield code="b">No.6 the financial crisis in Japan during the 1990s: how the Bank of Japan responded and the lessons learnt.</subfield>
  </datafield>
  <datafield tag="250" ind1="0" ind2="0">
   <subfield code="a">October 2001.</subfield>
  </datafield>
  <datafield tag="260" ind1="0" ind2="0">
   <subfield code="a">Basel: </subfield>
   <subfield code="b">Bank of International Settlements, </subfield>
   <subfield code="c">2001.</subfield>
  </datafield>
  <datafield tag="300" ind1=" " ind2=" ">
   <subfield code="a">iii, 76p.; </subfield>
   <subfield code="c">30cm.</subfield>
  </datafield>
  <datafield tag="650" ind1="0" ind2="0">
   <subfield code="a">Economics </subfield>
  </datafield>
  <datafield tag="650" ind1="0" ind2="0">
   <subfield code="a">Finance </subfield>
  </datafield>
 </record>
</collection>
